| 000 | 00364nam a22001457a 4500 | ||
|---|---|---|---|
| 003 | MACL | ||
| 005 | 20170326132509.0 | ||
| 008 | 170326b xxu||||| |||| 00| 0 eng d | ||
| 040 | _cMACL | ||
| 100 |
_aSingh Dr Ashok Kumar _966873 |
||
| 245 | _aA Mirror of Common Errors | ||
| 260 |
_aPtana _bStudent Friends _c2016 |
||
| 650 |
_aLanguage _966874 |
||
| 942 |
_2ddc _cBK |
||
| 999 |
_c56148 _d56148 |
||